| 000 | 00809nam a22002297a 4500 | ||
|---|---|---|---|
| 003 | PILC | ||
| 005 | 20160321100839.0 | ||
| 008 | 140108b xxu||||| |||| 00| 0 eng d | ||
| 020 | _a9781439841372 | ||
| 050 |
_aHD 58.9 _b.L493 2013 |
||
| 100 | _aLeflar, James J. | ||
| 245 |
_aOrganizational resilience : _bmanaging the risks of disruptive events : a practitioner’s guide / _cJames J. Leflar and Marc H. Siegel. |
||
| 260 |
_aBoca Raton : _bCRC Press/Taylor & Francis Group, _c2013. |
||
| 300 |
_axviii, 356 pages : _billustrations ; _c25 cm. |
||
| 500 | _aIncludes bibliographic references and index. | ||
| 650 | _aOrganizational effectiveness. | ||
| 650 | _aRisk management. | ||
| 650 | _aRisk assessment. | ||
| 700 |
_aSiegel, Marc H. _eauthor. |
||
| 942 |
_2lcc _cBK _kFOR |
||
| 999 |
_c25948 _d25948 |
||